| 000 | 01165nam0a22003131 4500 | ||
|---|---|---|---|
| 001 | RU\INFOCOMM_322\NLR\5000106089 | ||
| 005 | 20250810064151.0 | ||
| 035 | _a(NLR Aleph) 009488620 | ||
| 090 |
_a8633968 _c8633968 |
||
| 100 | _a20121213d1943 u y0rusy50 ca | ||
| 101 | 1 |
_afre _crus |
|
| 102 | _aRU | ||
| 105 | _ay z ||||| | ||
| 200 | 1 |
_aDans les forêts de Briansk _fA. Krivitski et P. Kraïnov _gTrad. du russe par A. Roudnikov |
|
| 210 |
_aMoscou _cÉd. en langues étrangères _d1943 |
||
| 215 |
_a74, [2] с. _d16 см |
||
| 300 | _aНа 4-ой с. обл.: А. Кривицкий и П. Крайнов. В Брянских лесах | ||
| 606 | 0 |
_aОтечественная литература _z1941 г. _jХудожественная литература _2nlr_sh1 |
|
| 620 | _aМосква | ||
| 700 | 1 |
_9z01790 _aKrivickij _bA. _f1910- _gAleksandr |
|
| 701 | 1 |
_aKraïnov _bP. |
|
| 790 | 1 |
_9z01700 _aKrivitski _bA. _4070 |
|
| 801 | 1 |
_aRU _bNLR _c20121213 |
|
| 801 | 0 |
_aRU _bINFOCOMM _gPSBO |
|
| 852 |
_aNLR _jА31 Г-2/9 _y3 экз. |
||
| 942 | _cBOOK | ||
| 945 | _aРоссийская национальная библиотека | ||
| 980 | _aNB | ||
| 980 | _aBV | ||